000 00505nam a2200181Ia 4500
005 20250508162227.0
008 008 250505s9999 xx 000 0 hin d
037 _aBooks to be hide in OPAC
040 _aFEDL
_beng
_cFEDL
041 _ahin
_2eng
084 _a3277, SHA/O
_qFEDL
100 _aSharma Prabhudutt
_9418288
245 0 _aAntarrashtriya rajniti
260 _aJaipur, India
_bCollege Book Depot
300 _a1048p.
942 _cHB
_h3277, SHA/O
999 _c1375225
_d1375225